000 01292cam a22003011i 4500
003 SA-RiAUC
005 20250613153239.0
008 250613s1981 su g 000 0bara c
040 _aSA-JeALM
_bara
_cSA-RiAUC.
_erda
050 4 _b.K43 1981
082 0 4 _a239
_qSA-RiAUC
090 _a239
_b ح ي ا
100 1 _aخياط، عبد الله عبد الغني،
_d1326-1415 هجري
_eمؤلف.
245 1 0 _aحكم وأحكام من السيرة النبوية /
_cعبد الله عبد الغني خياط.
250 _aالطبعة الأولى.
264 1 _aالرياض :
_bدار الرفاعي للنشر والطباعة والتوزيع،
_c1981
300 _a297 صفحة ؛
_c24 سم.
336 _aنص
_btxt
_2rdacontent
_3كتاب
337 _aبدون وسيط
_bn
_2rdamedia
338 _aمجلد
_bnc
_2rdacarrier
490 1 _aالمصابيح ؛
_v1
500 _aإهداء من المؤلف عبد الله عبد الغني خياط بتاريخ 1401/12/25 هـ
600 0 7 _aمحمد (صلى الله عليه وسلم)،
_d53 قبل الهجرة-11 هجري
_2aucnm
650 7 _aالسيرة النبوية
_2aucsh
830 2 _aالمصابيح (بيت الحكمة)
_v1
942 _2ddc
_cBOOK
_n0
949 _aSA-JeALM
_d250613
_umohamedma123
_n1
999 _c8912
_d8912